Turn a corner / (Record no. 13381)
[ view plain ]
| 000 -LEADER | |
|---|---|
| fixed length control field | 00832cam a2200301Ia 4500 |
| 020 ## - INTERNATIONAL STANDARD BOOK NUMBER | |
| ISBN | 0022648305 |
| 020 ## - INTERNATIONAL STANDARD BOOK NUMBER | |
| ISBN | 9780022648305 |
| 040 ## - CATALOGING SOURCE | |
| Transcribing agency | RWB |
| 082 ## - DEWEY DECIMAL CLASSIFICATION NUMBER | |
| Classification number | 418 SCR 1989 A024 Or. |
| 100 1# - MAIN ENTRY--AUTHOR NAME | |
| Personal name | Cassidy, Jack. |
| 245 10 - TITLE STATEMENT | |
| Title | Turn a corner / |
| 260 ## - PUBLICATION, DISTRIBUTION, ETC. (IMPRINT) | |
| Place of publication | New York : |
| Name of publisher | Scribner Laidlaw, |
| Year of publication | �1989. |
| 300 ## - PHYSICAL DESCRIPTION | |
| Number of Pages | 368 pages : |
| Other physical details | illustrations ; |
| Dimensions | 24 cm. |
| 490 0# - SERIES STATEMENT | |
| Series statement | Scribner reading series |
| 500 ## - GENERAL NOTE | |
| General note | Level 11, grade 3-2. |
| 500 ## - GENERAL NOTE | |
| General note | "Where would you be? / Karla Kuskin." page [115]. |
| 650 #0 - SUBJECT ADDED ENTRY--TOPICAL TERM | |
| Topical Term | Readers (Elementary) |
| 650 #0 - SUBJECT ADDED ENTRY--TOPICAL TERM | |
| Topical Term | Readers |
| 650 #0 - SUBJECT ADDED ENTRY--TOPICAL TERM | |
| Topical Term | Reading (Elementary) |
| 650 #7 - SUBJECT ADDED ENTRY--TOPICAL TERM | |
| Topical Term | Readers. |
| 650 #7 - SUBJECT ADDED ENTRY--TOPICAL TERM | |
| Topical Term | Readers (Elementary) |
| 650 #7 - SUBJECT ADDED ENTRY--TOPICAL TERM | |
| Topical Term | Reading (Elementary) |
| 700 1# - ADDED ENTRY--PERSONAL NAME | |
| Personal name | Wixson, Karen K. |
| 700 1# - ADDED ENTRY--PERSONAL NAME | |
| Personal name | Roettger, Doris. |
| 700 1# - ADDED ENTRY--PERSONAL NAME | |
| Personal name | Kuskin, Karla, |
| 710 2# - ADDED ENTRY--CORPORATE NAME | |
| Corporate name or jurisdiction name as entry element | Scribner Laidlaw. |
| 942 ## - ADDED ENTRY ELEMENTS (KOHA) | |
| Koha item type | សៀវភៅភាសាអង់គ្លេស |
| 952 ## - LOCATION AND ITEM INFORMATION (KOHA) | |
| Withdrawn status [LOCAL, KOHA] | 0 |
| Permanent Location | Date acquired | Koha item type | Lost status | Shelving location | Barcode | Current Location | Full call number |
|---|---|---|---|---|---|---|---|
| Library Block A | 2017-08-25 | សៀវភៅភាសាអង់គ្លេស | A022 | A18610 | Library Block A | 418 SCR 1989 A022 Or. |